| 000 | 00371nam a2200133 i 4500 | ||
|---|---|---|---|
| 001 | bg | ||
| 245 | 0 |
_aAwarie i katastrofy budowlane w budownictwie powszechnym : _bmateriaĆy z sympozjum naukowego, Szczecin, luty 1974 r. |
|
| 260 |
_aSzczecin, _c1976. |
||
| 040 | _cBPK | ||
| 041 | _apol | ||
| 080 | _a69:624 | ||
| 942 | _cKS | ||
| 008 | s pl f |000 0 pol | ||
| 999 |
_c27566 _d27566 |
||
| 856 |
_uhttp://koha.tu.koszalin.pl/cgi-bin/koha/opac-detail.pl?biblionumber=27566 _yKatalog online BPK |
||